Unternehmensidentität von Banken Grundlagen, Politik und empirische Untersuchung
Na minha lista:
| Autor principal: | |
|---|---|
| Formato: | Livro |
| Idioma: | alemão |
| Publicado em: |
Wiesbaden
Deutscher Universitäts Verlag
1992
|
| Edição: | 1. Aufl. |
| Assuntos: | |
| Tags: |
Sem tags, seja o primeiro a adicionar uma tag!
|
MARC
| LEADER | 00000nam a2200000 4500 | ||
|---|---|---|---|
| 001 | c010388 | ||
| 005 | 20221206083648.1 | ||
| 020 | |a 3-8244-0105-3 | ||
| 041 | 0 | |a ger | |
| 044 | |a DE | ||
| 245 | 1 | 0 | |a Unternehmensidentität von Banken |b Grundlagen, Politik und empirische Untersuchung |c Rüdiger Hansl |
| 250 | |a 1. Aufl. | ||
| 264 | 1 | |a Wiesbaden |b Deutscher Universitäts Verlag |c 1992 | |
| 300 | |a 233 s. | ||
| 610 | 2 | 0 | |a banky |
| 610 | 2 | 0 | |a politika podniková |
| 610 | 2 | 0 | |a politika podnikania |
| 610 | 2 | 0 | |a ciele podnikové |
| 610 | 2 | 0 | |a prieskum podnikateľský |
| 610 | 2 | 0 | |a štúdie prípadové |
| 610 | 2 | 0 | |a podnikanie |
| 100 | 1 | |a Hansl, Rüdiger | |